La construction de l'Islam europeen : approche socio-anthropologique

Αποθηκεύτηκε σε:
Λεπτομέρειες βιβλιογραφικής εγγραφής
Κύριος συγγραφέας: Dassetto, Felice
Μορφή: Βιβλίο
Γλώσσα:English
Δημοσίευση: Paris : L'Harmattan, c1996
Σειρά:Musulmans d'Europe
Θέματα:
Ετικέτες: Προσθήκη ετικέτας
Δεν υπάρχουν, Καταχωρήστε ετικέτα πρώτοι!

MARC

LEADER 00000nam a2200000 i 4500
001 1/25922
008 981214s1996 eng d
020 |a 2-7384-4537-3 
035 |l 10037456 
040 |a GR-MY-UA  |b gre  |e aacr 
041 0 |a eng 
082 0 |a 940.50882971 
100 1 |a Dassetto, Felice. 
245 1 3 |a La construction de l'Islam europeen :  |b approche socio-anthropologique /  |c Felice Dassetto 
260 |a Paris :   |b L'Harmattan,   |c c1996 
300 |a 383 p. 
490 1 |a Musulmans d'Europe 
504 |a Includes bibliographical references (p. [343]-367]) and indexes 
650 0 0 |a Muslims  |z Europe. 
650 0 0 |a Islam  |z Europe  |x History  |y 20th century. 
830 0 |a Musulmans d'Europe 
852 |a INST  |b LESVOS  |e 19981214  |h 940.50882971 DAS  |p 005100017563  |q 005100017563  |t BK  |y 0 
901 |a BIBL-1999-1 
909 |a Λ  |b 060722 
922 |a 1ΕΛΗ  |b 199811  |c ΚΠΣ/ΤΚΑ  |d ΠΑΠΑΣΩΤΗΡΙΟΥ 
950 |a 117-1998-07-08